| 000 | 00336nam a2200145Ia 4500 | ||
|---|---|---|---|
| 008 | 230917s9999||||xx |||||||||||||| ||und|| | ||
| 040 |
_e204938 _aMAIN |
||
| 041 | _aEnglish | ||
| 082 | _aB D938M | ||
| 100 | _aDurrani, Tehmina | ||
| 245 | 0 | _aMere aaka | |
| 260 |
_aNew Delhi _bVani Prakashan _c2002 |
||
| 300 | _a359 p. | ||
| 942 | _cBK | ||
| 999 |
_c172638 _d172638 |
||